000 00427nam a2200169Ia 4500
001 24578
003 IN-NITTTR
005 20251114233314.0
008 251113s9999||||xx |||||||||||||| ||eng||
040 _beng
040 _cIN-NITTTR
041 _aeng
082 _a670.4272 M29D
100 _aMalhotra, Piara Singh
245 0 _aDevelopment of an indigenous demonstration robot. /
_cMalhotra, Piara Singh
942 _2ddc
_cBK
999 _c27207
_d27207